Invertibility and singularity for bounded linear operators /

Bibliographic Details
Main Author: Harte, Robin, 1938-
Format: Book
Language:English
Published: New York : M. Dekker, [1988]
Series:Monographs and textbooks in pure and applied mathematics ; v. 109.
Subjects:

MARC

Tag First Indicator Second Indicator Subfields
LEADER 00000cam a2200000 a 4500
001 in00000009679
005 20151007051635.0
008 870415s1988 nyu b 00110 eng
010 |a  87009148  
020 |a 0824777549 
035 |a (OCoLC)15631833 
035 |9 AAA4053AM 
040 |a DLC  |c DLC  |d TXA  |d UtOrBLW 
049 |a TXAM  |c [A11030324] 
050 0 0 |a QA329.2  |b .H38 1988 
082 0 |a 515.7/246  |2 19 
100 1 |a Harte, Robin,  |d 1938- 
245 1 0 |a Invertibility and singularity for bounded linear operators /  |c Robin Harte. 
264 1 |a New York :  |b M. Dekker,  |c [1988] 
264 4 |c ©1988 
300 |a xii, 590 pages ;  |c 24 cm. 
336 |a text  |b txt  |2 rdacontent 
337 |a unmediated  |b n  |2 rdamedia 
338 |a volume  |b nc  |2 rdacarrier 
490 1 |a Monographs and textbooks in pure and applied mathematics ;  |v v. 109 
504 |a Bibliography: pages 559-579. 
500 |a Includes index. 
650 0 |a Linear operators. 
650 0 |a Singularities (Mathematics) 
830 0 |a Monographs and textbooks in pure and applied mathematics ;  |v v. 109. 
999 |a MARS 
999 f f |s afa685ef-fe97-3037-81f2-818db614d07c  |i 2016a989-9ae0-3ecc-928a-7c129c7c7563  |t 0 
952 f f |p ric  |a Texas A&M University  |b Rellis Campus  |c Joint Library Facility  |d Remote Storage  |t 0  |e QA329.2 .H38 1988  |h Library of Congress classification  |i unmediated -- volume  |m A14811030324 
998 f f |a QA329.2 .H38 1988  |t 0  |l Remote Storage